| 000 | 00691nmc a2200265 a 4500 | ||
|---|---|---|---|
| 003 | AR-BaBNM | ||
| 005 | 20251128203329.0 | ||
| 008 | 307019s1945 ||||||||||||||000 | spa|| | ||
| 040 | _cAR-BaBNM | ||
| 100 | 1 | _aColón, Cristóbal | |
| 245 | 1 | 0 | _aRelación del primer viaje de D. Cristóbal Colón |
| 250 | _a2ª ed. | ||
| 260 |
_aBuenos Aires _bEmecé _c1945 |
||
| 300 | 0 | _a149 p. | |
| 490 | 0 | _aBuen aire | |
| 600 | 1 | 4 | _aColón, Cristóbal |
| 650 | 4 | _aPERIODO HISPANICO | |
| 650 | 4 | _aDESCUBRIMIENTOS | |
| 650 | 4 | _aHISTORIA SOCIAL | |
| 650 | 4 | _aHISTORIA DE LAS COSTUMBRES | |
| 651 | 4 | _aAmérica Latina | |
| 700 | 1 |
_aSeoane, Luis _eilustrador |
|
| 942 | _cBK | ||
| 998 | _cmariana | ||
| 999 |
_c2930 _d2930 |
||